000 00924nam a2200229 a 4500
001 000300579
003 AM-YeHGA
005 20250618071934.0
008 040117s1978 ai ||||gr|||||||||1|arm|d
040 _aAM-YeHGA
041 0 _aarm
100 1 _aՏեր-Գուլանյան, Մերուժան Սարգսի,
_d1948-
_92441
245 1 0 _aՍաղամո լիճը :
_b[Պատմվածքներ, Վավերագրական վիպակ] /
_cՄ. Տեր-Գուլանյան ; Խմբ.՝ Ռ.Մ. Մուրադյան.
260 _aԵրևան :
_bՍովետական գրող,
_c1978.
300 _a154 էջ :
_bդիմանկ. ;
_c17 սմ.
650 1 4 _aՀայ գրականություն
_xՊատմվածք
650 1 4 _aՀայ գրականություն
_xՎիպակ
700 1 _aՄուրադյան, Ռ.Մ.
_eխմբ.
_4edt
740 0 _aՄոտեցող օվկիանոսը և հեռացող մարդիկ
942 _2udc
_cBK
090 _c112003
999 _c110667
_d110667